| 000 | 00434nam a2200193Ia 4500 | ||
|---|---|---|---|
| 008 | 210210b2015 xxu||||| |||| 00| 0 eng d | ||
| 020 | _a9781471124396 | ||
| 041 | _aeng | ||
| 082 | _a813.6 FORI | ||
| 100 | _aFORMAN (Gayle) | ||
| 245 | _aI was here | ||
| 260 |
_aLondon _bSimon & Schuster _c2015 |
||
| 300 | _a270 | ||
| 650 | _awas | ||
| 650 | _aI | ||
| 650 | _ahere | ||
| 690 | _aAmerican English Fiction | ||
| 906 | _a074045 | ||
| 999 |
_c123808 _d123808 |
||